Países más Grandes que Limitan con el Océano Índico - Estadísticas

Estadísticas generales
  • Esta prueba ha sido intentada 3.679 veces
  • La puntuación promedio es 7 de 10
Estadísticas de respuestas
km2 País % Correcto
3,287,263 India
98%
1,910,931 Indonesia
88%
7,692,024 Australia
87%
881,912 Pakistán
82%
2,149,690 Arabia Saudita
81%
1,648,195 Irán
78%
1,221,037 Sudáfrica
64%
945,087 Tanzania
61%
1,002,450 Egipto
52%
1,886,068 Sudán
42%
No se encontraron pruebas coincidentes
Distribución de puntuación
Porcentaje de gente con cada puntuación
Porcentaje por número respondido
Historial de tus puntuaciones
No has intentado esta prueba.